000 01451nam a22004217a 4500
001 0045627
003 KOHA_MİRAKIL
005 20260207003451.0
007 ta
008 140206b2013 tu |||gr||||#||||0|tur |
020 _a9789751736963
_c21,36
040 _aTR-BiSEU
_btur
_cTR-BiSEU
_erda
041 0 _atur
_aota
044 _ctu
050 _aB165
_b.S56 2013
100 0 _aİbn Sina.
240 1 0 _aAlai hikmet kitabı
_lTürkçe
245 1 _aDanişname-i Alai =
_bAlai hikmet kitabı/
_cİbn Sina ; Ebu Ali İbn Sina : Çeviren Murat Demirkol : Editör Gürbüz Deniz..
246 _aNesir-çeviri
264 1 _aİstanbul :
_bTürkiye Yazma Eserler Kurumu Başkanlığı
_c2013
300 _a494 sayfa ;
_c25 cm.
336 _ametin
_btxt
_2rdacontent
337 _aaracısız
_bn
_2rdamedia
338 _acilt
_bnc
_2rdacarrier
490 1 _aTürkiye Yazma Eserler Kurumu Başkanlığı yayınları ;
_v17.
490 1 _aBilim ve felsefe serisi ;
_v6
500 _aEserin özgün dili Farsça'dır.
500 _aDizin var.
500 _aArşiv kayıt: Nuruosmaniye Yazma Eser Kütüphanesi, No.2682.
650 0 _aFelsefe.
_93265
650 0 _aİslam felsefesi.
_915838
650 0 _aMantık.
_935159
650 0 _aMetafizik.
_94584
650 0 _aFizik.
_91572
830 1 _aTürkiye Yazma Eserler Kurumu Başkanlığı yayınları ;
_v17.
_984004
830 1 _aBilim ve felsefe serisi ;
_v6
_984021
856 4 0 _uhttp://www.ekitap.yek.gov.tr/Home/Show2?BOOK_NO=17
942 _2lcc
_cBK
999 _c45596
_d45596